00271pab a2200121 454500008004000000100001400040245003600054260000900090300000900099362001100108650001500119773001500134180718b2010 xxu||||| |||| 00| 0 eng d aRoy, Arun aHow MGNREGA is being undermined c2010 ap.6. a20 Nov aEmployment aMainstream